|
|
|
|
| LEADER |
00741nab a2200205 i 4500 |
| 001 |
publ29799 |
| 005 |
20240306135913.0 |
| 008 |
240306s2023 hu o 0|| eng d |
| 022 |
|
|
|a 1334-4684
|
| 024 |
7 |
|
|a 10.7906/indecs.21.1.6
|2 doi
|
| 024 |
7 |
|
|a 33671548
|2 mtmt
|
| 040 |
|
|
|a SZTE Publicatio Repozitórium
|b hun
|
| 041 |
|
|
|a eng
|
| 100 |
1 |
|
|a Simon János
|
| 245 |
1 |
0 |
|a Augmented Reality Application Development using Unity and Vuforia
|h [elektronikus dokumentum] /
|c Simon János
|
| 260 |
|
|
|c 2023
|
| 300 |
|
|
|a 69-77
|
| 490 |
0 |
|
|a INTERDISCIPLINARY DESCRIPTION OF COMPLEX SYSTEMS
|v 21 No. 1
|
| 650 |
|
4 |
|a Villamosmérnöki és informatikai tudományok
|
| 856 |
4 |
0 |
|u http://publicatio.bibl.u-szeged.hu/29799/1/indecs2023-pp69-77.pdf
|z Dokumentum-elérés
|